00518nam a22001937a 450000500170000001000110001702000100002803500110003803700160004904000120006508200160007710000260009324500610011926000430018027000400022330000280026365000130029165000200030420170124110044.0 a739531 c90.00 a739531 bCen Lib/Ret aDPLbEN a709.54bBIR aBirdwood, George C.M. aThe industrial arts of India /cby George C.M.Birdwood aDelhibIdarah-I Adabiyat-I Dellic1880 a2009,Qasimjan streetbDelhie110006 a344p. :c21cm(Hb)bill. aHinduism aHindu mythology